[Event "Qatar Masters Open 2015"]
[Site "Doha QAT"]
[Date "2015.12.24"]
[Round "5.36"]
[White "Vocaturo, Daniele"]
[Black "Abhishek, Kelkar"]
[Result "1/2-1/2"]
[WhiteElo "2597"]
[BlackElo "2393"]
[PlyCount "124"]
[EventDate "2015.12.20"]
[EventType "swiss"]
[EventRounds "9"]
[EventCountry "QAT"]
[Source "lmi"]
[SourceDate "2015.12.20"]

1. c4 Nf6 2. Nc3 e5 3. g3 c6 4. d4 exd4 5. Qxd4 d5 6. Bg2 Be6 7. Nf3 dxc4 8.
Qxd8+ Kxd8 9. Ng5 Bb4 10. Nxe6+ fxe6 11. Bd2 Nbd7 12. Ne4 Nxe4 13. Bxb4 a5 14.
Bxa5+ Rxa5 15. Bxe4 Kc7 16. a3 Nf6 17. Bc2 Rd8 18. f3 h6 19. h4 b5 20. Kf2 c5
21. Rhc1 Kb6 22. Ke1 Nd5 23. Be4 Nf6 24. Bg6 Nd5 25. Kf2 Ne7 26. Be4 Rd2 27.
Rab1 Nf5 28. Rd1 Rxd1 29. Rxd1 c3 30. g4 Nxh4 31. Rd6+ Kc7 32. Rc6+ Kd7 33.
bxc3 c4 34. Rc5 g5 35. a4 Rxa4 36. Rxb5 Ra3 37. Rb7+ Kd6 38. Rh7 Ke5 39. Rxh6
Rxc3 40. Rh5 Kf4 41. Rh8 Ra3 42. Rc8 Ke5 43. Rxc4 Kf6 44. Rc6 Ra5 45. Bd3 Re5
46. e3 Ng6 47. Bc4 Kf7 48. Ke2 Nf4+ 49. Kf2 Ng6 50. Rb6 Kf6 51. Bd3 Ne7 52. Ra6
Nd5 53. Be4 Nc3 54. Bc2 Nd5 55. Ra3 Kf7 56. Be4 Ne7 57. Ke2 Kf6 58. Kd3 Rc5 59.
Ra6 Ke5 60. f4+ gxf4 61. exf4+ Kxf4 62. Kd4 Re5 1/2-1/2

[Event "Qatar Masters Open 2015"]
[Site "Doha QAT"]
[Date "2015.12.24"]
[Round "5.37"]
[White "Aryan, Chopra"]
[Black "Bok, Benjamin"]
[Result "1/2-1/2"]
[WhiteElo "2436"]
[BlackElo "2594"]
[PlyCount "168"]
[EventDate "2015.12.20"]
[EventType "swiss"]
[EventRounds "9"]
[EventCountry "QAT"]
[Source "lmi"]
[SourceDate "2015.12.20"]

1. e4 e5 2. Nf3 Nc6 3. Bb5 Nf6 4. d3 Bc5 5. c3 O-O 6. O-O d6 7. Nbd2 Ne7 8. d4
exd4 9. cxd4 Bb6 10. Re1 Bg4 11. h3 Bh5 12. Qb3 d5 13. e5 Nd7 14. a4 a6 15. Bd3
c5 16. Qc2 Bg6 17. Bxg6 Nxg6 18. Qf5 cxd4 19. Nb3 Qe7 20. Bg5 Qe6 21. Nbxd4
Bxd4 22. Nxd4 Qxf5 23. Nxf5 Ndxe5 24. Ne7+ Nxe7 25. Rxe5 Nc6 26. Rxd5 f6 27.
Bf4 Rfd8 28. Rd2 Rxd2 29. Bxd2 Rd8 30. Bc3 Kf7 31. f3 h5 32. Kf2 h4 33. Re1 Ne7
34. Re4 Nf5 35. Rb4 Rd7 36. Rb6 Ne7 37. Rb4 Nf5 38. Rb6 Re7 39. Rb4 Rc7 40. Ke2
Rd7 41. Kf2 Re7 42. Rf4 Kg6 43. Rc4 Rd7 44. Rc5 Ne7 45. Rc4 Kh5 46. Ke2 Nf5 47.
Rc5 Kg6 48. Kf2 Re7 49. Rc4 Kg5 50. Bd2+ Kh5 51. Rc5 Kg6 52. Bf4 Rd7 53. Rc4 b5
54. axb5 axb5 55. Rc2 Rd4 56. Bd2 Rd3 57. Bc3 Kf7 58. Rc1 Rd5 59. Ke2 Ke6 60.
Ra1 Kf7 61. Rc1 Kg6 62. Re1 Kg5 63. Kf2 Rc5 64. Re4 Kg6 65. Rg4+ Kf7 66. Ke2
Rd5 67. Kf2 Ke6 68. Ke2 Kf7 69. Kf2 Ke7 70. Ke2 Ke6 71. Kf2 Ke7 72. Bb4+ Kf7
73. Bc3 Ke6 74. Ke2 Ng3+ 75. Ke1 g5 76. f4 Rf5 77. Bd2 Kd5 78. Kd1 Ne4 79. Be3
gxf4 80. Rxf4 Rg5 81. Rg4 Rxg4 82. hxg4 Ng3 83. g5 Nf5 84. Bd2 fxg5 1/2-1/2

[Event "Qatar Masters Open 2015"]
[Site "Doha QAT"]
[Date "2015.12.24"]
[Round "5.38"]
[White "Esen, Baris"]
[Black "Firouzja, Alireza"]
[Result "1-0"]
[WhiteElo "2562"]
[BlackElo "2372"]
[PlyCount "79"]
[EventDate "2015.12.20"]
[EventType "swiss"]
[EventRounds "9"]
[EventCountry "QAT"]
[Source "lmi"]
[SourceDate "2015.12.20"]

1. d4 Nf6 2. c4 g6 3. Nf3 Bg7 4. g3 c6 5. Nc3 d5 6. cxd5 cxd5 7. Bg2 Ne4 8. Qb3
Nxc3 9. bxc3 O-O 10. Nd2 e6 11. e4 Nc6 12. O-O Na5 13. Qd1 b6 14. Ba3 Re8 15.
e5 Ba6 16. Re1 Qd7 17. h4 Rac8 18. Re3 Nc4 19. Nxc4 dxc4 20. h5 Bb7 21. Qg4 a5
22. Bd6 b5 23. a3 Rcd8 24. Rb1 Bc6 25. Qh4 Bd5 26. Re2 Bxg2 27. Kxg2 Qc6+ 28.
Qe4 Qa6 29. Reb2 f5 30. Qf4 b4 31. axb4 axb4 32. Rxb4 Qa8+ 33. f3 Qa2+ 34. R1b2
Qa1 35. hxg6 h6 36. Qd2 Qa6 37. Qe2 Rc8 38. Rb7 Qc6 39. Rf7 h5 40. Qd2 1-0

[Event "Qatar Masters Open 2015"]
[Site "Doha QAT"]
[Date "2015.12.24"]
[Round "5.39"]
[White "Rohan, Ahuja"]
[Black "Rambaldi, Francesco"]
[Result "1/2-1/2"]
[WhiteElo "2426"]
[BlackElo "2560"]
[PlyCount "106"]
[EventDate "2015.12.20"]
[EventType "swiss"]
[EventRounds "9"]
[EventCountry "QAT"]
[Source "lmi"]
[SourceDate "2015.12.20"]

1. Nf3 g6 2. g3 Bg7 3. Bg2 c5 4. c4 Nc6 5. Nc3 d6 6. O-O e6 7. e3 Nge7 8. d4
O-O 9. dxc5 dxc5 10. Qc2 a6 11. Rd1 Qc7 12. b3 b6 13. Bb2 Bb7 14. a3 Na5 15.
Na4 Bc6 16. Bxg7 Kxg7 17. Qc3+ Kg8 18. Ne5 f6 19. Bxc6 Naxc6 20. Nd7 Ne5 21.
Nxf8 Rxf8 22. f4 Nf3+ 23. Kg2 Qc6 24. e4 Nd4 25. Rxd4 cxd4 26. Qxd4 b5 27. cxb5
axb5 28. Nc3 Kf7 29. Rc1 Qa6 30. Qb4 Rb8 31. Nd1 Qb7 32. Nf2 Qb6 33. Rc5 Qb7
34. a4 bxa4 35. Qxb7 Rxb7 36. bxa4 Ra7 37. a5 Ra6 38. Rb5 Ra7 39. Rc5 Ra6 40.
Ng4 Nc6 41. Ne3 Nxa5 42. Rc7+ Kg8 43. Ng4 e5 44. fxe5 fxe5 45. Nxe5 Re6 46. Ng4
h5 47. Nf2 Nb3 48. Nd3 Rxe4 49. Nf4 Nd4 50. Rc4 h4 51. Nxg6 hxg3 52. hxg3 Re2+
53. Kh3 Nf5 1/2-1/2

[Event "Qatar Masters Open 2015"]
[Site "Doha QAT"]
[Date "2015.12.24"]
[Round "5.40"]
[White "Lin, Chen"]
[Black "Tissir, Mohamed"]
[Result "1-0"]
[WhiteElo "2532"]
[BlackElo "2346"]
[PlyCount "67"]
[EventDate "2015.12.20"]
[EventType "swiss"]
[EventRounds "9"]
[EventCountry "QAT"]
[Source "lmi"]
[SourceDate "2015.12.20"]

1. e4 c5 2. Nf3 d6 3. d4 cxd4 4. Nxd4 Nf6 5. Nc3 Nc6 6. f3 e6 7. Be3 Be7 8. Qd2
O-O 9. O-O-O a6 10. g4 Qc7 11. Kb1 b5 12. Nxc6 Qxc6 13. Ne2 Qc7 14. Nd4 e5 15.
Nf5 Bxf5 16. gxf5 d5 17. Bd3 dxe4 18. fxe4 Rfd8 19. Rdg1 Rac8 20. Bh6 g6 21.
Qe2 Kh8 22. h4 Rg8 23. Rf1 Nh5 24. fxg6 fxg6 25. Rf7 Qd6 26. Qe3 Qe6 27. Rhf1
Bc5 28. Qf3 Be7 29. c3 Nf4 30. Bxf4 exf4 31. Qxf4 Rcf8 32. a4 bxa4 33. h5 gxh5
34. Rf5 1-0

[Event "Qatar Masters Open 2015"]
[Site "Doha QAT"]
[Date "2015.12.24"]
[Round "5.41"]
[White "Xu, Jun"]
[Black "Roy, Prantik"]
[Result "1-0"]
[WhiteElo "2526"]
[BlackElo "2370"]
[PlyCount "85"]
[EventDate "2015.12.20"]
[EventType "swiss"]
[EventRounds "9"]
[EventCountry "QAT"]
[Source "lmi"]
[SourceDate "2015.12.20"]

1. d4 Nf6 2. c4 e6 3. Nf3 Bb4+ 4. Bd2 Qe7 5. g3 O-O 6. Bg2 Bxd2+ 7. Qxd2 d6 8.
Nc3 Re8 9. O-O Nc6 10. e4 e5 11. d5 Na5 12. b3 b6 13. Rac1 Bd7 14. Ne1 Nb7 15.
b4 c6 16. dxc6 Bxc6 17. Nc2 Bd7 18. Ne3 Be6 19. f4 exf4 20. gxf4 Rac8 21. f5
Bd7 22. e5 Rb8 23. exf6 Qxe3+ 24. Qxe3 Rxe3 25. Rfe1 Re5 26. Rxe5 dxe5 27. Rd1
Bxf5 28. Bxb7 gxf6 29. Bd5 Be6 30. Nb5 a5 31. Bxe6 fxe6 32. bxa5 bxa5 33. Rd7
Rb6 34. a4 Rc6 35. Nd6 f5 36. Kf2 Rb6 37. c5 Rb2+ 38. Ke3 Rc2 39. Rc7 f4+ 40.
Kd3 Rc1 41. Kd2 Ra1 42. c6 f3 43. Ke3 1-0

[Event "Qatar Masters Open 2015"]
[Site "Doha QAT"]
[Date "2015.12.24"]
[Round "5.42"]
[White "Saduakassova, Dinara"]
[Black "Svane, Rasmus"]
[Result "0-1"]
[WhiteElo "2407"]
[BlackElo "2529"]
[PlyCount "218"]
[EventDate "2015.12.20"]
[EventType "swiss"]
[EventRounds "9"]
[EventCountry "QAT"]
[Source "lmi"]
[SourceDate "2015.12.20"]

1. d4 Nf6 2. c4 e6 3. Nc3 Bb4 4. Nf3 b6 5. e3 Ne4 6. Qc2 Bb7 7. Bd3 f5 8. O-O
Bxc3 9. bxc3 O-O 10. c5 bxc5 11. Rb1 Qc8 12. Ba3 d6 13. dxc5 Nxc5 14. Bxc5 Bxf3
15. gxf3 dxc5 16. Qb3 Nc6 17. Qb5 Ne5 18. Be2 f4 19. Qxc5 Rf5 20. Qd4 Qe8 21.
exf4 Ng6 22. Kh1 Rxf4 23. Qc5 Qe7 24. Qxe7 Nxe7 25. Bd3 Nd5 26. Be4 Raf8 27.
Rb3 Nf6 28. Bb7 Nd7 29. Rb4 Nc5 30. Bc6 Nd3 31. Rb7 Ne5 32. Be4 Nxf3 33. Bxf3
Rxf3 34. Rxc7 Rxf2 35. Rxf2 Rxf2 36. Rxa7 Rc2 37. Re7 Rxc3 38. Rxe6 Rc1+ 39.
Kg2 Rc2+ 40. Kg3 Rxa2 41. Re7 Kf8 42. Rb7 Re2 43. h3 Re7 44. Rb5 Kf7 45. Ra5
Kf6 46. Rb5 Re3+ 47. Kg2 Re5 48. Rb6+ Re6 49. Rb5 Rd6 50. Ra5 h6 51. Kg3 Rd3+
52. Kg2 Re3 53. Rb5 Re5 54. Rb7 g6 55. Rb4 Rd5 56. Ra4 Kf5 57. Ra6 Rd2+ 58. Kg3
Rd3+ 59. Kg2 Re3 60. Rb6 Re6 61. Rb5+ Kf6 62. Ra5 Rd6 63. Kg3 Rb6 64. Rc5 Rb3+
65. Kg2 Re3 66. Ra5 g5 67. h4 g4 68. Ra6+ Re6 69. Ra5 Re5 70. Ra6+ Re6 71. Ra5
Re5 72. Ra6+ Kg7 73. Kg3 h5 74. Kf4 Rd5 75. Ra7+ Kf6 76. Ra6+ Kf7 77. Ra7+ Ke6
78. Ke4 Re5+ 79. Kf4 Rf5+ 80. Ke4 Re5+ 81. Kf4 Kf6 82. Ra6+ Re6 83. Ra5 Kg6 84.
Rg5+ Kh6 85. Ra5 Rf6+ 86. Ke4 Rb6 87. Kf5 Rc6 88. Rb5 Rg6 89. Kf4 Rf6+ 90. Ke4
Rc6 91. Kf5 Ra6 92. Rc5 Rg6 93. Kf4 Rf6+ 94. Ke4 Rf1 95. Rc6+ Kg7 96. Rc5 Kg6
97. Rg5+ Kh6 98. Rg8 Rh1 99. Kf5 Kh7 100. Rg5 Rf1+ 101. Ke6 Kh6 102. Rg8 Ra1
103. Kf7 Rf1+ 104. Ke6 Rf3 105. Rh8+ Kg7 106. Rxh5 Rf6+ 107. Kd5 g3 108. Re5 g2
109. Re7+ Kf8 0-1

[Event "Qatar Masters Open 2015"]
[Site "Doha QAT"]
[Date "2015.12.24"]
[Round "5.44"]
[White "Khotenashvili, Bela"]
[Black "Basso, Pier Luigi"]
[Result "1/2-1/2"]
[WhiteElo "2496"]
[BlackElo "2438"]
[PlyCount "81"]
[EventDate "2015.12.20"]
[EventType "swiss"]
[EventRounds "9"]
[EventCountry "QAT"]
[Source "lmi"]
[SourceDate "2015.12.20"]

1. Nf3 d5 2. g3 c6 3. Bg2 Bg4 4. O-O Nf6 5. d3 Nbd7 6. Nbd2 e5 7. h3 Bh5 8. Qe1
Bc5 9. e4 dxe4 10. dxe4 O-O 11. Nh4 Ne8 12. Nc4 Nd6 13. Nxd6 Bxd6 14. Nf5 Bc5
15. a4 a5 16. Bd2 f6 17. Kh2 Re8 18. f3 Nf8 19. Rd1 Qc7 20. Be3 Ne6 21. Bxc5
Nxc5 22. Qc3 b6 23. Rd2 Bf7 24. b3 Rad8 25. Rfd1 Nb7 26. Bf1 Rxd2+ 27. Rxd2 Rd8
28. Rxd8+ Nxd8 29. Bc4 Qd7 30. h4 Kf8 31. Bxf7 Kxf7 32. Qe3 c5 33. Qe2 Ne6 34.
c3 c4 35. Qxc4 Qd2+ 36. Kh3 Qd1 37. Nxg7 Kxg7 38. Qxe6 h5 39. Qe7+ Kg6 40. Qe8+
Kh6 41. Qh8+ 1/2-1/2

[Event "Qatar Masters Open 2015"]
[Site "Doha QAT"]
[Date "2015.12.24"]
[Round "5.45"]
[White "Fang, Yuxiang"]
[Black "Zhukova, Natalia"]
[Result "1/2-1/2"]
[WhiteElo "2438"]
[BlackElo "2488"]
[PlyCount "62"]
[EventDate "2015.12.20"]
[EventType "swiss"]
[EventRounds "9"]
[EventCountry "QAT"]
[Source "lmi"]
[SourceDate "2015.12.20"]

1. c4 Nf6 2. Nf3 e6 3. g3 d5 4. Bg2 d4 5. O-O c5 6. e3 Nc6 7. exd4 cxd4 8. d3
Bd6 9. Bg5 h6 10. Bxf6 Qxf6 11. Nbd2 Qd8 12. Ne4 Be7 13. Rc1 O-O 14. c5 e5 15.
Nfd2 f5 16. Qb3+ Kh8 17. Nd6 Bxd6 18. cxd6 Qxd6 19. Nc4 Qf6 20. Qb5 e4 21. dxe4
fxe4 22. Nd2 Ne5 23. Bxe4 Bh3 24. Bg2 Bxg2 25. Kxg2 Nf3 26. Qd3 Nxd2 27. Qxd2
Qf3+ 28. Kg1 d3 29. Rc3 Rad8 30. Re1 Qd5 31. Re3 Qxa2 1/2-1/2

[Event "Qatar Masters Open 2015"]
[Site "Doha QAT"]
[Date "2015.12.24"]
[Round "5.46"]
[White "Padmini, Rout"]
[Black "Aravindh, Chithambaram VR"]
[Result "0-1"]
[WhiteElo "2437"]
[BlackElo "2486"]
[PlyCount "62"]
[EventDate "2015.12.20"]
[EventType "swiss"]
[EventRounds "9"]
[EventCountry "QAT"]
[Source "lmi"]
[SourceDate "2015.12.20"]

1. e4 g6 2. d4 Bg7 3. Be3 c6 4. Qd2 d6 5. f3 Nd7 6. Nh3 Ngf6 7. Be2 O-O 8. Nf2
e5 9. Nc3 b5 10. Rd1 b4 11. Na4 exd4 12. Bxd4 Nb6 13. b3 Nxa4 14. bxa4 Be6 15.
O-O a5 16. c4 c5 17. Be3 Qe8 18. Qc2 Ra6 19. Nd3 Nd7 20. Nf4 Ne5 21. Nxe6 fxe6
22. Qd2 Qxa4 23. f4 Nf7 24. f5 Bc3 25. Qc1 Qxa2 26. fxe6 Qxe2 27. exf7+ Rxf7
28. Rxf7 Kxf7 29. Rf1+ Ke6 30. Bxc5 dxc5 31. Qf4 Qe3+ 0-1

[Event "Qatar Masters Open 2015"]
[Site "Doha QAT"]
[Date "2015.12.24"]
[Round "5.47"]
[White "Saiyn, Zhanat"]
[Black "Tabatabaei, M.Amin"]
[Result "1/2-1/2"]
[WhiteElo "2394"]
[BlackElo "2482"]
[PlyCount "91"]
[EventDate "2015.12.20"]
[EventType "swiss"]
[EventRounds "9"]
[EventCountry "QAT"]
[Source "lmi"]
[SourceDate "2015.12.20"]

1. d4 Nf6 2. c4 g6 3. Nc3 d5 4. cxd5 Nxd5 5. e4 Nxc3 6. bxc3 Bg7 7. Be3 c5 8.
Nf3 Qa5 9. Qd2 O-O 10. Rc1 cxd4 11. cxd4 Qxd2+ 12. Kxd2 Nc6 13. d5 Rd8 14. Ke1
Nb4 15. Bd2 Na6 16. Bg5 Kf8 17. Bxa6 bxa6 18. Nd2 h6 19. Be3 f5 20. f3 e6 21.
d6 Ke8 22. Rc7 Rd7 23. Kf2 Rxc7 24. dxc7 Be5 25. Bxh6 Bxc7 26. Rc1 Kd7 27. exf5
gxf5 28. Nc4 Bb7 29. Rd1+ Bd5 30. Ne3 Bb6 31. Ke2 Rg8 32. Kf1 Bxe3 33. Bxe3 Kc6
34. Bf4 Bxa2 35. Be5 Rf8 36. g3 Bd5 37. Kf2 Rf7 38. Rc1+ Kb6 39. h4 Rh7 40. Ke3
a5 41. Kf4 a4 42. Ra1 Kb5 43. Ra3 Rh5 44. Bf6 Kb4 45. Be7+ Kb5 46. Bf6 1/2-1/2

[Event "Qatar Masters Open 2015"]
[Site "Doha QAT"]
[Date "2015.12.24"]
[Round "5.48"]
[White "Krush, Irina"]
[Black "Karavade, Eesha"]
[Result "0-1"]
[WhiteElo "2468"]
[BlackElo "2379"]
[PlyCount "82"]
[EventDate "2015.12.20"]
[EventType "swiss"]
[EventRounds "9"]
[EventCountry "QAT"]
[Source "lmi"]
[SourceDate "2015.12.20"]

1. c4 b6 2. d4 Bb7 3. Nc3 e6 4. a3 f5 5. d5 Nf6 6. g3 Na6 7. b4 exd5 8. cxd5 c5
9. bxc5 Nxc5 10. Bg2 Bd6 11. Nf3 Nce4 12. Bb2 Qe7 13. O-O Nxc3 14. Bxc3 Ne4 15.
Bb2 O-O 16. a4 Rac8 17. Nd4 Bc5 18. Qd3 Bxd5 19. Nb5 Qf7 20. Nxa7 Bc4 21. Qd1
Rce8 22. Nb5 Nxf2 23. Rxf2 Bxf2+ 24. Kxf2 Rxe2+ 25. Qxe2 Bxe2 26. Kxe2 f4 27.
Ra3 Qc4+ 28. Kd2 fxg3 29. Bd4 Rf4 30. Be3 gxh2 31. Rc3 Qxa4 32. Bd5+ Kf8 33.
Rc8+ Ke7 34. Nc3 Rd4+ 35. Bxd4 Qxd4+ 36. Ke2 Qg4+ 37. Kd2 Qg5+ 38. Kd3 b5 39.
Ba8 Qg6+ 40. Kd4 Qg1+ 41. Kd3 h1=Q 0-1

[Event "Qatar Masters Open 2015"]
[Site "Doha QAT"]
[Date "2015.12.24"]
[Round "5.49"]
[White "Li, Di"]
[Black "Moroni, Luca Jr"]
[Result "1-0"]
[WhiteElo "2389"]
[BlackElo "2466"]
[PlyCount "145"]
[EventDate "2015.12.20"]
[EventType "swiss"]
[EventRounds "9"]
[EventCountry "QAT"]
[Source "lmi"]
[SourceDate "2015.12.20"]

1. d4 e6 2. Nf3 d5 3. c4 a6 4. g3 dxc4 5. Bg2 c5 6. O-O cxd4 7. Nxd4 Nf6 8.
Qa4+ Qd7 9. Qxc4 b5 10. Qb3 Bb7 11. Rd1 Bxg2 12. Kxg2 Bc5 13. Qf3 Qd5 14. Nc3
Qxf3+ 15. Nxf3 Nbd7 16. Bg5 h6 17. Bxf6 Nxf6 18. Rac1 Be7 19. Ne5 O-O 20. Nc6
Rfe8 21. e4 Bf8 22. f3 Rec8 23. Ne2 Rc7 24. Rc2 g5 25. h3 Bg7 26. Rdc1 h5 27.
Kf2 Nh7 28. f4 Rd7 29. e5 Bh6 30. h4 gxh4 31. gxh4 Nf8 32. Ke3 Ng6 33. Ke4 Kf8
34. Rf1 Nxh4 35. Ng3 Rc8 36. Rfc1 Rdc7 37. Nd4 Rxc2 38. Rxc2 Rxc2 39. Nxc2 Ng6
40. Nxh5 Ne7 41. Ne3 Nc6 42. Ng4 Bg7 43. a3 Bh8 44. Kd3 Ke7 45. b3 Nb8 46. Kc3
Nc6 47. b4 Nb8 48. Nhf6 Bxf6 49. Nxf6 Nd7 50. Ne4 Nb6 51. Nc5 Nd5+ 52. Kd4 Nxf4
53. Nxa6 Kd7 54. Kc5 Nd3+ 55. Kxb5 Nxe5 56. a4 f5 57. Nc5+ Kd6 58. a5 Nc6 59.
a6 f4 60. Kb6 Nxb4 61. Ne4+ Ke5 62. a7 Nd5+ 63. Kc6 Kxe4 64. a8=Q f3 65. Qa4+
Ke3 66. Qb3+ Kf4 67. Qb2 Kg3 68. Qe5+ Kh4 69. Kc5 f2 70. Qh2+ Kg4 71. Qxf2 Nf4
72. Kd4 e5+ 73. Ke4 1-0

[Event "Qatar Masters Open 2015"]
[Site "Doha QAT"]
[Date "2015.12.24"]
[Round "5.50"]
[White "Christiansen, Johan-Sebastian"]
[Black "Ma, Zhonghan"]
[Result "0-1"]
[WhiteElo "2385"]
[BlackElo "2463"]
[PlyCount "120"]
[EventDate "2015.12.20"]
[EventType "swiss"]
[EventRounds "9"]
[EventCountry "QAT"]
[Source "lmi"]
[SourceDate "2015.12.20"]

1. c4 e5 2. g3 Nf6 3. Bg2 Nc6 4. Nf3 Bc5 5. Nc3 d6 6. O-O O-O 7. a3 a6 8. e3
Ba7 9. Qc2 Re8 10. Nh4 Ne7 11. f4 exf4 12. Rxf4 Ng6 13. Nxg6 hxg6 14. b4 Bf5
15. Rxf5 gxf5 16. Bxb7 f4 17. gxf4 Rb8 18. Bc6 Qc8 19. Qd1 Re7 20. Kh1 Qf5 21.
Bb2 Qd3 22. Rc1 Kf8 23. Ba1 Rd8 24. Bf3 Rde8 25. Qe1 Bxe3 26. dxe3 Rxe3 27. Qg1
Rxf3 28. Nd5 Qe4 29. Qg2 Rf2 30. Qxe4 Rxe4 31. Bxf6 gxf6 32. Nxc7 Ree2 33. Nxa6
Rxh2+ 34. Kg1 Reg2+ 35. Kf1 Rf2+ 36. Kg1 Rfg2+ 37. Kf1 Ra2 38. Kg1 Rhg2+ 39.
Kh1 Rg3 40. c5 dxc5 41. bxc5 Raxa3 42. Nb8 Rac3 43. Re1 Kg7 44. c6 Rg4 45. Kh2
Rc5 46. Re3 Rh5+ 47. Rh3 Rxh3+ 48. Kxh3 Rxf4 49. c7 Rc4 50. Na6 f5 51. Kg3 Kf6
52. Kf3 Ke5 53. Ke3 f4+ 54. Kd3 Rc6 55. Kd2 Ke4 56. Ke2 f3+ 57. Kd2 f2 58. Ke2
Rc2+ 59. Kf1 Ke3 60. Kg2 Ke2 0-1

[Event "Qatar Masters Open 2015"]
[Site "Doha QAT"]
[Date "2015.12.24"]
[Round "5.51"]
[White "Ali Marandi, Cemil Can"]
[Black "Dai, Changren"]
[Result "1-0"]
[WhiteElo "2454"]
[BlackElo "2328"]
[PlyCount "89"]
[EventDate "2015.12.20"]
[EventType "swiss"]
[EventRounds "9"]
[EventCountry "QAT"]
[Source "lmi"]
[SourceDate "2015.12.20"]

1. Nf3 Nf6 2. g3 g6 3. b3 Bg7 4. Bb2 d6 5. d4 O-O 6. Bg2 a5 7. a4 c6 8. O-O Na6
9. Nbd2 d5 10. Re1 Bf5 11. Nh4 Bg4 12. h3 Be6 13. Nhf3 Qc8 14. Kh2 Rd8 15. e4
dxe4 16. Ng5 Bf5 17. g4 Be6 18. Kg1 c5 19. Nxe6 Qxe6 20. Nxe4 Nxe4 21. Bxe4 Qd7
22. Qf3 Rab8 23. c3 cxd4 24. cxd4 Nb4 25. Rad1 e6 26. Bc3 Qc7 27. Bxb4 axb4 28.
d5 Bc3 29. Re3 e5 30. d6 Rxd6 31. Rxd6 Qxd6 32. Bxb7 Qc7 33. Bd5 Rf8 34. Qf6
Bd4 35. Rd3 Bc3 36. Bc4 e4 37. Qd6 Qa7 38. Re3 Bd4 39. Rxe4 Bxf2+ 40. Kg2 Bh4
41. Rf4 Qe3 42. Rf3 Qe1 43. Qd4 h6 44. Qe3 Qd1 45. Rxf7 1-0

[Event "Qatar Masters Open 2015"]
[Site "Doha QAT"]
[Date "2015.12.24"]
[Round "5.52"]
[White "Khademalsharieh, Sarasadat"]
[Black "Lorparizangeneh, Shahin"]
[Result "1/2-1/2"]
[WhiteElo "2380"]
[BlackElo "2454"]
[PlyCount "93"]
[EventDate "2015.12.20"]
[EventType "swiss"]
[EventRounds "9"]
[EventCountry "QAT"]
[Source "lmi"]
[SourceDate "2015.12.20"]

1. c4 c5 2. Nc3 Nc6 3. Nf3 g6 4. g3 Bg7 5. Bg2 Nf6 6. O-O O-O 7. d4 cxd4 8.
Nxd4 Qa5 9. Nc2 d6 10. Rb1 Ne5 11. Ne3 Be6 12. Bxb7 Rab8 13. b4 Qc7 14. Bg2
Nxc4 15. Ned5 Nxd5 16. Nxd5 Bxd5 17. Bxd5 e6 18. Bg2 d5 19. h4 Rfc8 20. Qd3 a5
21. b5 a4 22. Bf4 Be5 23. Bxe5 Qxe5 24. Rb4 Nb6 25. e4 Qc3 26. Qxc3 Rxc3 27.
exd5 exd5 28. Rd1 Rc5 29. Bf3 Re8 30. Kg2 h5 31. Rd2 Re5 32. Bd1 Rc4 33. Rd4 a3
34. Bb3 Rc3 35. Rd2 Kf8 36. Bd1 Ke7 37. Rb3 Rxb3 38. Bxb3 Kd6 39. Rc2 Kd7 40.
Rc6 Re6 41. Rc3 Kd6 42. Kf3 Ke5 43. Rc7 f5 44. Ra7 Nc4 45. Bxc4 dxc4 46. Rxa3
Rb6 47. Re3+ 1/2-1/2

[Event "Qatar Masters Open 2015"]
[Site "Doha QAT"]
[Date "2015.12.24"]
[Round "5.53"]
[White "Guramishvili, Sopiko"]
[Black "Kashlinskaya, Alina"]
[Result "1/2-1/2"]
[WhiteElo "2368"]
[BlackElo "2448"]
[PlyCount "170"]
[EventDate "2015.12.20"]
[EventType "swiss"]
[EventRounds "9"]
[EventCountry "QAT"]
[Source "lmi"]
[SourceDate "2015.12.20"]

1. c4 e6 2. Nf3 d5 3. g3 Nf6 4. Bg2 dxc4 5. Qa4+ Nbd7 6. Qxc4 a6 7. Qc2 c5 8.
O-O b5 9. a4 Bb7 10. Nc3 Qb6 11. d3 Be7 12. axb5 axb5 13. Rxa8+ Bxa8 14. Qb3
Nd5 15. Bd2 O-O 16. Ra1 Bc6 17. Ne1 N7f6 18. Nf3 Ng4 19. Nd1 Qb8 20. Ra6 Rc8
21. h3 Ngf6 22. Ra1 h6 23. Nc3 Nb4 24. Qd1 c4 25. dxc4 bxc4 26. Bf4 Qb7 27. Qf1
Nc2 28. Rb1 Bc5 29. Ne5 Bxg2 30. Qxg2 Qb3 31. Nf3 Nd4 32. e3 Nc6 33. g4 Nd5 34.
Nd2 Qc2 35. Nde4 Bb4 36. Qf1 Bxc3 37. Nxc3 Nxf4 38. exf4 Nb4 39. Qe2 Qxe2 40.
Nxe2 Nd3 41. Kg2 Rb8 42. Kf3 Rxb2 43. Rxb2 Nxb2 44. Ke3 Nd1+ 45. Kd4 Nxf2 46.
Ng1 f5 47. gxf5 exf5 48. Kxc4 Kf7 49. Kd4 Kg6 50. Ke3 Ne4 51. Kf3 Kh5 52. Kg2
Nc3 53. Kg3 Kg6 54. Kf2 Kh5 55. Nf3 Nd5 56. Kg3 Kg6 57. Nd4 Kf6 58. Nf3 Ke7 59.
Nd4 g6 60. Nf3 Ke6 61. Nd4+ Kd6 62. Nf3 Ne7 63. Ne5 Kd5 64. Kf3 Kd4 65. Nf7 Ng8
66. Nh8 Ne7 67. Nf7 Nc6 68. Nh8 Kd3 69. Nxg6 Nd4+ 70. Kg3 Ke4 71. Kh4 Ne2 72.
Ne7 Nxf4 73. Ng8 Ng6+ 74. Kg3 Ke3 75. Nxh6 f4+ 76. Kg2 Ke2 77. Ng4 Nh4+ 78. Kg1
Nf5 79. Ne5 Nh4 80. Ng4 f3 81. Kh2 Nf5 82. Kg1 Ke1 83. Kh2 Ke2 84. Kg1 Nh6 85.
Nf2 Nf5 1/2-1/2

[Event "Qatar Masters Open 2015"]
[Site "Doha QAT"]
[Date "2015.12.24"]
[Round "5.54"]
[White "Pratyusha, Bodda"]
[Black "Firat, Burak"]
[Result "1/2-1/2"]
[WhiteElo "2260"]
[BlackElo "2446"]
[PlyCount "78"]
[EventDate "2015.12.20"]
[EventType "swiss"]
[EventRounds "9"]
[EventCountry "QAT"]
[Source "lmi"]
[SourceDate "2015.12.20"]

1. d4 Nf6 2. c4 g6 3. Nc3 d5 4. cxd5 Nxd5 5. e4 Nxc3 6. bxc3 Bg7 7. Nf3 c5 8.
Be3 Qa5 9. Qd2 Nc6 10. Rb1 a6 11. Rc1 cxd4 12. cxd4 Qxd2+ 13. Kxd2 e6 14. d5
exd5 15. exd5 Ne7 16. Bc4 O-O 17. Rhd1 Bd7 18. Bb3 Rac8 19. Rxc8 Rxc8 20. Rc1
Rxc1 21. Kxc1 Nf5 22. Bf4 Bf8 23. Ne5 Bd6 24. Nxd7 Bxf4+ 25. Kd1 Bxh2 26. g3 h5
27. Nc5 b6 28. Ne4 h4 29. d6 Kf8 30. d7 Ke7 31. Bxf7 hxg3 32. fxg3 Bxg3 33.
Bxg6 Nh4 34. Be8 Bc7 35. Nc3 Nf3 36. Nd5+ Kd8 37. Nb4 Ne5 38. Nxa6 Nxd7 39.
Bxd7 Kxd7 1/2-1/2

[Event "Qatar Masters Open 2015"]
[Site "Doha QAT"]
[Date "2015.12.24"]
[Round "5.57"]
[White "Ezat, Mohamed"]
[Black "Seyb, Alexander"]
[Result "1/2-1/2"]
[WhiteElo "2490"]
[BlackElo "2425"]
[PlyCount "127"]
[EventDate "2015.12.20"]
[EventType "swiss"]
[EventRounds "9"]
[EventCountry "QAT"]
[Source "lmi"]
[SourceDate "2015.12.20"]

1. d4 Nf6 2. c4 g6 3. Nc3 d5 4. Nf3 Bg7 5. Bf4 O-O 6. Rc1 dxc4 7. e4 Bg4 8.
Bxc4 Nh5 9. Be3 Bxf3 10. gxf3 e5 11. dxe5 Bxe5 12. Qxd8 Rxd8 13. O-O Nd7 14.
Ne2 c6 15. f4 Bc7 16. e5 Nb6 17. Bb3 Nd5 18. Rcd1 Ne7 19. Ng3 Nxg3 20. hxg3 Nf5
21. e6 fxe6 22. Bxe6+ Kf8 23. Bc5+ Bd6 24. Bxf5 Bxc5 25. Bd7 Kg7 26. Rfe1 Rf8
27. Re5 Bb6 28. a4 Rad8 29. b4 Rf7 30. Bg4 Rxd1+ 31. Bxd1 Bc7 32. Re6 Rf6 33.
Re4 a5 34. Bb3 Kf8 35. b5 cxb5 36. axb5 Rd6 37. Rc4 Bb6 38. Rc8+ Rd8 39. Rc3
Rd2 40. Rf3 Rb2 41. f5 g5 42. Be6 Ke7 43. Rd3 Kf6 44. Rd7 Bxf2+ 45. Kg2 a4 46.
Rxh7 a3 47. Kf3 Bc5 48. Ke4 g4 49. Rh6+ Kg7 50. Rg6+ Kh7 51. Rxg4 a2 52. Rh4+
Kg7 53. Rg4+ Kh6 54. Rg6+ Kh7 55. Bg8+ Kh8 56. Bxa2 Rxa2 57. g4 Re2+ 58. Kd5 b6
59. g5 Kh7 60. Rc6 Rd2+ 61. Ke6 Re2+ 62. Kd5 Rd2+ 63. Ke6 Re2+ 64. Kd5 1/2-1/2